000 00698nam a2200217 i 4500
001 135534
003 ES-MaACL
005 20250907063111.0
007 t|
008 070719s1952 sp ||||1| spa d
100 1 _aTorres, Federico,
_d1907-1997
_9110889
245 1 0 _aNueva guía de El Escorial /
_cFederico Torres.
260 _aMadrid :
_bCys,
_c1952.
300 _a229 p., 2 plan., 1 plan. pleg. :
_bil. ;
_c16 cm.
490 1 _aParaninfo
610 2 4 _aMonasterio de El Escorial-
_vGuías turísticas.
_9171619
651 _aSan Lorenzo de El Escorial-
_vGuías turísticas.
_9171620
830 1 _aParaninfo
_9219925
852 _aES-MaACL
_jC-6305
999 _c135534
_d135534